<?xml version="1.0" encoding="UTF-8"?>
<record
    xmlns:xsi="http://www.w3.org/2001/XMLSchema-instance"
    xsi:schemaLocation="http://www.loc.gov/MARC21/slim http://www.loc.gov/standards/marcxml/schema/MARC21slim.xsd"
    xmlns="http://www.loc.gov/MARC21/slim">

  <leader>02196nam a22003737a 4500</leader>
  <datafield tag="999" ind1=" " ind2=" ">
    <subfield code="c">21850</subfield>
    <subfield code="d">21850</subfield>
  </datafield>
  <controlfield tag="003">AR-CdUCM</controlfield>
  <controlfield tag="008">190425b           ||||| |||| 00| 0 spa d</controlfield>
  <datafield tag="040" ind1=" " ind2=" ">
    <subfield code="a">MUNICIPALIDAD PROVINCIAL DEL CUSCO</subfield>
    <subfield code="c">BIBLIOTECA MUNICIPAL DEL CUSCO</subfield>
  </datafield>
  <datafield tag="082" ind1=" " ind2=" ">
    <subfield code="a">Rev.Andi/N&#xB0;28/1996</subfield>
  </datafield>
  <datafield tag="110" ind1=" " ind2=" ">
    <subfield code="a">Centro Bartolom&#xE9; de Las Casas</subfield>
    <subfield code="9">3293</subfield>
  </datafield>
  <datafield tag="245" ind1=" " ind2=" ">
    <subfield code="a">Revista andina /</subfield>
    <subfield code="c">Centro de estudios rurales andinos Bartolom&#xE9; de Las Casas Cusco</subfield>
  </datafield>
  <datafield tag="260" ind1=" " ind2=" ">
    <subfield code="a">Cusco :</subfield>
    <subfield code="b">Centro Bartolom&#xE9; de Las Casas,</subfield>
    <subfield code="c">1996.</subfield>
  </datafield>
  <datafield tag="300" ind1=" " ind2=" ">
    <subfield code="a">295-608 p&#xE1;ginas. :</subfield>
    <subfield code="c">23 cm.</subfield>
  </datafield>
  <datafield tag="440" ind1=" " ind2=" ">
    <subfield code="a">Publicaci&#xF3;n Semestral del Centro Bartolom&#xE9; de Las Casas Cusco.</subfield>
    <subfield code="n">A&#xF1;o 14, N&#xFA;mero 28, N&#xB0;2, segundo semestre 1996.</subfield>
    <subfield code="9">46438</subfield>
  </datafield>
  <datafield tag="505" ind1=" " ind2=" ">
    <subfield code="a">Contenido: Donde el zapato aprieta tendencias y desaf&#xED;os de la educaci&#xF3;n biling&#xFC;e en el Per&#xFA;. Luis Enrique L&#xF3;pez. -- El cat&#xE1;logo 1633 de jesuitas insignes fallecidos en el Per&#xFA;. Rafael Vargas-Hidalgo. -- Textos aimaras en Guam&#xE1;n Poma. Marco A. Farrell R. -- El sistema de elementos gramaticales evid&#xE9;nciales o validadores en Quechua-Aru y Guaran&#xED; paraguayo estudio comparativo. Germ&#xE1;n de Granda de Granda. -- Imaginando lo imaginado las narrativas de las naciones bolivianas. Michelle Bigenho. -- Juan Solano, O. P. 1505 ca-1580 segundo obispo de Cuzco, y la fundaci&#xF3;n del &#x201C;Colegium S. Thomas de Urbe&#x201D;. Carlo Longo. -- Leyes nuevas y perfil de tributaci&#xF3;n gobernaci&#xF3;n de Popayan 1543-1562. Carmen Beatriz Loza. -- Educaci&#xF3;n biling&#xFC;e e interculturalidad en los Andes y la Amazon&#xED;a. Juan Carlos Godenzzi.</subfield>
  </datafield>
  <datafield tag="650" ind1=" " ind2=" ">
    <subfield code="a">Educaci&#xF3;n biling&#xFC;e</subfield>
    <subfield code="9">22011</subfield>
  </datafield>
  <datafield tag="650" ind1=" " ind2=" ">
    <subfield code="a">Jesuitas</subfield>
    <subfield code="9">25162</subfield>
  </datafield>
  <datafield tag="650" ind1=" " ind2=" ">
    <subfield code="a">Gram&#xE1;tica Quechua</subfield>
    <subfield code="9">46439</subfield>
  </datafield>
  <datafield tag="650" ind1=" " ind2=" ">
    <subfield code="a">Gram&#xE1;tica Aru</subfield>
    <subfield code="9">46440</subfield>
  </datafield>
  <datafield tag="650" ind1=" " ind2=" ">
    <subfield code="a">Narrativa boliviana</subfield>
    <subfield code="9">10380</subfield>
  </datafield>
  <datafield tag="650" ind1=" " ind2=" ">
    <subfield code="a">Fray Juan Solano</subfield>
    <subfield code="9">46441</subfield>
  </datafield>
  <datafield tag="650" ind1=" " ind2=" ">
    <subfield code="a">Obispos del Cusco</subfield>
    <subfield code="9">45953</subfield>
  </datafield>
  <datafield tag="700" ind1=" " ind2=" ">
    <subfield code="a">L&#xF3;pez, Luis Enrique</subfield>
    <subfield code="9">8599</subfield>
  </datafield>
  <datafield tag="700" ind1=" " ind2=" ">
    <subfield code="a">Vargas Hidalgo ,Rafael </subfield>
    <subfield code="9">46437</subfield>
  </datafield>
  <datafield tag="700" ind1=" " ind2=" ">
    <subfield code="a">Farrell, Marco</subfield>
    <subfield code="9">46442</subfield>
  </datafield>
  <datafield tag="700" ind1=" " ind2=" ">
    <subfield code="a">De Granda, Germ&#xE1;n</subfield>
    <subfield code="9">46421</subfield>
  </datafield>
  <datafield tag="700" ind1=" " ind2=" ">
    <subfield code="a">Bigenho, Michelle</subfield>
    <subfield code="9">46443</subfield>
  </datafield>
  <datafield tag="700" ind1=" " ind2=" ">
    <subfield code="a">Longo, Carlo</subfield>
    <subfield code="9">46444</subfield>
  </datafield>
  <datafield tag="700" ind1=" " ind2=" ">
    <subfield code="a">Loza, Carmen Beatriz</subfield>
    <subfield code="9">46313</subfield>
  </datafield>
  <datafield tag="700" ind1=" " ind2=" ">
    <subfield code="a">Godenzzi, Juan Carlos</subfield>
    <subfield code="9">7427</subfield>
  </datafield>
  <datafield tag="942" ind1=" " ind2=" ">
    <subfield code="2">ddc</subfield>
    <subfield code="c">PP</subfield>
  </datafield>
  <datafield tag="945" ind1=" " ind2=" ">
    <subfield code="a">rac</subfield>
  </datafield>
  <datafield tag="952" ind1=" " ind2=" ">
    <subfield code="0">0</subfield>
    <subfield code="2">ddc</subfield>
    <subfield code="4">0</subfield>
    <subfield code="7">0</subfield>
    <subfield code="a">HEM</subfield>
    <subfield code="b">HEM</subfield>
    <subfield code="c">CART</subfield>
    <subfield code="d">2021-08-26</subfield>
    <subfield code="g">10.00</subfield>
    <subfield code="o">Rev.Andi/N&#xB0;28/1996</subfield>
    <subfield code="p">REVC000326</subfield>
    <subfield code="r">2021-08-26</subfield>
    <subfield code="y">PP</subfield>
  </datafield>
</record>
